Chargement en cours...
മുരളി /
| Auteur principal: | |
|---|---|
| Autres auteurs: | |
| Format: | Printed Book |
| Langue: | English |
| Publié: |
വെഞ്ഞാറമൂട് :
1949.
|
| Édition: | 2nd ed. |
| Sujets: |
| LEADER | 00558nam a22001817a 4500 | ||
|---|---|---|---|
| 008 | 170427b xxu||||| |||| 00| 0 eng d | ||
| 999 | |c 17950 |d 17950 | ||
| 082 | |a P 894.11 |b DHA | ||
| 100 | |a ധരന് | ||
| 240 | |a Murali | ||
| 245 | |a മുരളി / | ||
| 250 | |a 2nd ed. | ||
| 260 | |a വെഞ്ഞാറമൂട് : |c 1949. | ||
| 300 | |a 48p. | ||
| 650 | |a Poem | ||
| 700 | |a Dharan | ||
| 942 | |2 ddc |c REF | ||
| 952 | |0 0 |1 0 |2 ddc |4 0 |5 1 |6 P_894_110000000000000_DHA |7 0 |9 25113 |a MAIN |b MAIN |d 2017-04-27 |e Gift |g 0.50 |o P 894.11 DHA |p 25323 |r 2017-04-27 |t 1 |w 2017-04-27 |y REF | ||